10 luni aleatorii - clasament în orb - Statistics

General Stats
  • This quiz has been taken 106 times
  • The average score is 6 of 10
Answers on the Map
Answers color-coded by a green-red scale on the quiz's map according to % correct below.
 
Answer Stats
Luni % Correct
Decembrie
72%
Septembrie
69%
Aprilie
67%
Iunie
65%
Ianuarie
62%
Februarie
61%
Iulie
57%
Martie
56%
August
50%
Octombrie
46%
Noiembrie
45%
Mai
44%
No matching quizzes found
Score Distribution
Percent of People with Each Score
Percentile by Number Answered
Your Score History
You have not taken this quiz